| 000 | 00830nam a2200205Ia 4500 | ||
|---|---|---|---|
| 008 | 0000002016 usa 0000000000eng00 | ||
| 020 | _a9788488557858 | ||
| 090 | _aPSP00 G25j1 | ||
| 100 | 1 |
_aGenovés, Juan _d1930 |
|
| 245 | 1 | 0 |
_aJuan Genovés _b: recent paintings _c/ Juan Genovés ; photography Leonardo Villeta |
| 300 |
_a33 p. _c/ 30 cm. |
||
| 500 | _aExposición realizada en Marlborough Gallery de Nueva York entre el 13 de septiembre y el 8 de octubre de 2016 \ Incluye datos biográficos y cronología artística \ Texto en inglés | ||
| 600 | 0 | 0 |
_a GENOVES, JUAN, 1930/ _xTRABAJOS PICTORICOS |
| 650 | 1 | 4 | _aARTE CONTEMPORANEO ESPAÑOL |
| 650 | 1 | 4 | _xCATALOGOS |
| 650 | 1 | 4 | _xEXPOSICIONES |
| 650 | 1 | 4 | _aPINTORES ESPAÑOLES |
| 650 | 1 | 4 | _aPINTURA ESPAÑOLA |
| 999 |
_c16658 _d16658 |
||
| 260 |
_aNew York : Marlborough _c, 2016 |
||